rapidité - Statistiques

Statistiques générales
  • Ce quiz a été pris 2 129 fois
  • Le résultat moyen est 21 sur 70
Statistiques - réponses
chiffres % Correct
1
100%
2
99%
3
99%
4
97%
12
89%
5
84%
6
82%
8
81%
7
80%
9
80%
11
73%
10
72%
13
67%
14
65%
15
63%
16
61%
17
60%
18
58%
19
57%
20
53%
21
52%
22
47%
23
44%
24
39%
25
36%
26
34%
34
34%
27
33%
28
31%
29
29%
31
24%
30
23%
32
20%
33
16%
35
10%
36
8%
37
7%
41
7%
38
6%
39
5%
40
4%
42
4%
43
4%
45
4%
51
3%
61
3%
44
2%
46
2%
56
2%
67
2%
47
1%
50
1%
52
1%
53
1%
55
1%
62
1%
64
1%
65
1%
66
1%
48
0%
49
0%
54
0%
57
0%
58
0%
59
0%
60
0%
63
0%
68
0%
69
0%
70
0%
Aucun quiz correspondant
Distribution des résultats
% des personnes avec chaque résultat
Percentile par nombre de réponses
Votre historique - résultats
Vous n’avez pas pris ce quiz